000 03645cam a22012254i 4500
003 PE-LiUPU
005 20250813185721.0
008 2020m2020 mx a rb 000 0 spa d
020 _a9781456269975
035 _aPE-LiUPU000003
040 _aPE-LiUPU
_bspa
_cPE-LiUPU
_erda
082 0 4 _a370.15
_bS237p
_223
100 _aSantrock, John W.,
_eautor.
_95559
245 1 0 _aPsicología de la educación /
_cJohn W. Santrock ; revisión técnica, Mtra. Alejandra Villagómez Ruiz, Mtra. Margarita Villaseñor Ponce, Dra. Sandra Irma Montes de Oca Mayagoitia.
250 _aSexta edición.
264 1 _aMéxico :
_bMcGraw-Hill Interamericana,
_c2020.
300 _a568 páginas :
_bilustraciones a color ;
_c28 cm
336 _atext
_2rdacontent
337 _aunmediated
_2rdamedia
338 _avolume
_2rdacarrier
504 _aIncluye referencias bibliográficas al final de cada capítulo.
505 0 _aPsicología de la educación: herramienta de una enseñanza eficaz -- Desarrollo cognitivo y del lenguaje -- Contextos sociales y desarrollo socioemocional -- Variaciones individuales -- Diversidad sociocultural -- Estudiantes excepcionales -- Enfoques conductual y cognitivo-social -- Modelo de procesamiento de la información -- Procesos cognitivos complejos -- Modelos constructivistas sociales -- Aprendizaje y cognición en las áreas de contenido -- Planeación, enseñanza y tecnología -- Motivación, enseñanza y aprendizaje -- Manejo del aula -- Pruebas estandarizadas y enseñanza -- Evaluación y calificación en el aula.
526 _aP202
526 _aP201
526 _aP163
526 _aP162
526 _aP161
526 _aP160
526 _aP148
526 _aP147
526 _aP146
526 _aP145
526 _aP144
526 _aP143
526 _aP142
526 _aP141
526 _aP140
526 _aP139
526 _aP138
526 _aP137
526 _aP136
526 _aP135
526 _aP134
526 _aP133
526 _aP129
526 _aP128
526 _aP127
526 _aP120
526 _aP119
526 _aP118
526 _aP116
526 _aP115
526 _aP114
526 _aP110
526 _aP109
526 _aP108
526 _aP104
526 _aP103
526 _aP102
526 _aP99
526 _aP98
526 _aP97
526 _aP96
526 _aP95
526 _aP93
526 _aP90
526 _aP89
526 _aP88
526 _aP83
526 _aP82
526 _aP62
526 _aP59
526 _aP58
526 _aP57
526 _aP51
526 _aP49
526 _aP48
526 _aP47
526 _aP29
526 _aP24
526 _aP20
526 _aP19
526 _aP17
526 _aP15
526 _aP14
526 _aP12
526 _aP10
526 _aP09
526 _aP08
526 _aP07
526 _aP06
526 _aP05
526 _aP04
526 _aP01
650 1 4 _aPsicología educativa.
_95560
650 2 4 _aEnseñanza
_xAspectos psicológicos.
_95561
650 2 4 _aMotivación en la educación.
_95562
700 _aVillagómez Ruiz, Alejandra,
_eeditor técino.
_95563
700 _aVillaseñor Ponce, Margarita,
_eeditor técnico.
_95564
700 _aMontes de Oca Mayagoitia, Sandra Irma,
_eeditor técnico.
_95565
856 4 0 _uhttps://www.mheducation.com.mx/
_zSitio web del editor.
942 _2ddc
_cBK
980 _621515
_aROMINA COBOS Adquisiciones
_81
_gALBERTO SANCHEZ Responsable de Automatización
999 _c62975
_d62974